प्रथम प्रतिश्रुति/ (Record no. 211661)

MARC details
000 -LEADER
fixed length control field 00740nam a22001937a 4500
005 - DATE AND TIME OF LATEST TRANSACTION
control field 20250609124713.0
010 ## - LCCN (DPL NO)
LC control number HIN-129812
020 ## - INTERNATIONAL STANDARD BOOK NUMBER
International Standard Book Number 97881950558174
Terms of availability 395.00
035 ## - SYSTEM CONTROL NUMBER
System control number HN-102158
037 ## - SOURCE OF ACQUISITION
Source of stock number/acquisition DBAD
082 ## - DEWEY DECIMAL CLASSIFICATION NUMBER
Classification number
100 ## - MAIN ENTRY--PERSONAL NAME
Personal name देवी, आशापूर्ण
245 ## - TITLE STATEMENT
Title प्रथम प्रतिश्रुति/
Remainder of title उषा शर्मा,
250 ## - EDITION STATEMENT
Edition statement प्रथम
260 ## - PUBLICATION, DISTRIBUTION, ETC. (IMPRINT)
Place of publication, distribution, etc नई दिल्ली
Name of publisher, distributor, etc नेशनल पपेरबैक्स
Date of publication, distribution, etc 2021
270 ## - ADDRESS
Address 4230/1,अंसारी रोड, दरियागंज
City नई दिल्ली
Postal code 110002
300 ## - PHYSICAL DESCRIPTION
Extent 456पृ.
Dimensions 21सेमी (अजिल्द )
942 ## - ADDED ENTRY ELEMENTS (KOHA)
Source of classification or shelving scheme Dewey Decimal Classification
Item type Hindi Books
Classification part
Call number prefix
Call number suffix देवीआ
Holdings
Withdrawn status Lost status Not for loan Collection code Home library Current library Date acquired Source of acquisition Cost, normal purchase price Full call number Barcode Copy number Cost, replacement price Koha item type
    Not For Loan Fiction D.B.Act.Division D.B.Act.Division 09/06/2025 DBAD 395.00 उ देवीआ HN-102158 1 395.00 Hindi Books

© Delhi Public Library
Hit Counter
free hit counter